Statistiques concernant MotoGP 2024 Pilotes

Cliquez ici pour prendre le quiz!

Statistiques générales

  • Ce quiz a été pris 179 fois
  • Le résultat moyen est 18 sur 27

Statistiques - réponses

HintRéponse% Correct
Yamaha FactoryFabio Quartararo
93%
Ducati GresiniAlex Marquez
83%
Aprilia FactoryAleix Espargaro
80%
Alex Rins
80%
Ducati LenovoFrancesco Bagnaïa
80%
Ducati PramacJorge Martin
80%
Marc Marquez
78%
Red Bull KTMBrad Binder
75%
Jack Miller
75%
Johann Zarco
75%
Enea Bastianini
73%
Honda RacingLuca Marini
72%
Maverick Vinales
72%
Joan Mir
70%
KTM GASGASPedro Acosta
70%
Ducati VR46Marco Bezzecchi
67%
Honda LCRTakaaki Nakagami
67%
Franco Morbidelli
60%
Augusto Fernandez
56%
Fabio Di Giannantonio
55%
Miguel Oliveira
55%
Aprilia TrackhouseRaùl Fernandez
55%
3eme pilote KTMDani Pedrosa / Jonas Folger
49%
3eme pilote YamahaCal Crutchlow
36%
3eme pilote DucatiMichele Pirro / Danilo Petrucci / Alvaro Bautista
36%
3eme pilote HondaStefan Bradl / Iker Lecuona
36%
3eme pilote ApriliaLorenzo Savadori
26%

Distribution des résultats

Percentile par nombre de réponses

% des personnes avec chaque résultat

Votre développement - résultats

Vous n’avez pas pris ce quiz